00718nam a2200217 a 450000100060000000300080000600500170001400800410003102000320007203500200010404000320012404100080015608200270016410000210019124500720021226000350028430000340031949000480035365000510040183000480045242669BD-RjUL20211209053555.0160614s1983 nyua 000 0 eng  a0668058625 (pbk.) :c$12.00 a(BD-RjUL) 42787 aDLCcDLCdDLCdBD-RjULbeng aeng00a338.5076219bDAE 19831 aDavidson, Sam R.10aEngineering economics :bproblems and solutions /cSam R. Davidson. aNew York :bArco Pub.,cc1983. avii, 211 p. :bill. ;c26 cm. aArco professional career examination series 0aEngineering economyxProblems, exercises, etc. aArco professional career examination series